| 000 | 01157cam a22003737a 4500 | ||
|---|---|---|---|
| 001 | 16154202 | ||
| 003 | OSt | ||
| 005 | 20230602152119.0 | ||
| 008 | 100325s2009 it ab 001 0 eng d | ||
| 020 | _a885720121X | ||
| 020 | _a9788857201214 | ||
| 035 | _a(OCoLC)ocn318870731 | ||
| 040 |
_aC3L _cC3L _dITJCU _dIUL _dDLC |
||
| 042 | _alccopycat | ||
| 043 | _ae-it--- | ||
| 050 | 0 | 0 |
_aN6921.M6 _bC48 2009 |
| 082 |
_a307.4521 _bDAD |
||
| 245 | 0 | 0 |
_aCities of art : _bMilan / _cedited by Roberta D'Adda. |
| 246 | 3 | 0 | _aMilan |
| 260 |
_aMilano : _bSkira, _c2009. |
||
| 300 |
_a182 p. : _bcol. ill. ; _c22 cm. + _e1 loose fold. map. |
||
| 490 | 1 | _aGuides Skira. | |
| 500 | _aItalian ed. also avail. (see our card no. 08639434, EAN 978-88-6130-665-3). | ||
| 500 | _aMilan (Lombardy). | ||
| 504 | _aContains place index. | ||
| 650 | 0 |
_aArt, Italian _zItaly _zMilan _vGuidebooks. |
|
| 650 | 0 |
_aArt _zItaly _zMilan. |
|
| 700 | 1 | _aD'Adda, Roberta. | |
| 830 | 0 | _aGuides Skira. | |
| 906 |
_a7 _bcbc _ccopycat _d3 _encip _f20 _gy-gencatlg |
||
| 942 |
_2ddc _cBK |
||
| 999 |
_c196 _d196 |
||